Hong Kong Groups of Three - Statistics

General Stats
  • This quiz has been taken 59 times
  • The average score is 19 of 30
Answer Stats
Groups Answer % Correct
Countries ruled Hong Kong Since 1900 China
94%
Countries ruled Hong Kong Since 1900 United Kingdom
94%
Countries ruled Hong Kong Since 1900 Japan
92%
World's Top 50 Universities located in Hong Kong The University of Hong Kong
90%
Major Regions Hong Kong Island
88%
Major Regions Kowloon Peninsula
88%
Major Regions New Territories
85%
Free-to-air private television stations Television Broadcasts Limited
85%
World's Top 50 Universities located in Hong Kong Chinese University of Hong Kong
83%
Districts widely known as "The Great Northwestern" (大西北) Tuen Mun
73%
MTR Stations on Lantau Island Tung Chung
73%
Districts widely known as "The Great Northwestern" (大西北) Yuen Long
73%
MTR Stations on Lantau Island Sunny Bay
71%
World's Top 50 Universities located in Hong Kong Hong Kong University of Science and Technology
65%
Tunnels connecting Sha Tin and Kowloon Lion Rock Tunnel
65%
First Three Chief Executives Donald Tsang
62%
Heavy Rail Line operated by KCRC before 2007 East Rail
62%
Free-to-air private television stations HK Television Entertainment
62%
MTR Stations on Lantau Island Disneyland Resort
60%
Districts widely known as "The Great Northwestern" (大西北) Tin Shui Wai
60%
Heavy Rail Line operated by KCRC before 2007 West Rail
60%
First Three Chief Executives CY Leung
58%
First Three Chief Executives Tung Chee-hwa
58%
Tunnels connecting Sha Tin and Kowloon Tate's Cairn Tunnel
48%
Heavy Rail Line operated by KCRC before 2007 Ma On Shan Rail
40%
Tunnels connecting Sha Tin and Kowloon Eagle's Nest Tunnel
33%
Secretaries of Department in Governement Financial Secretary
23%
Secretaries of Department in Governement Chief Secretary for Administration
19%
Secretaries of Department in Governement Secretary for Justice
15%
Free-to-air private television stations Fantastic Television Limited
13%
No matching quizzes found
Score Distribution
Percent of People with Each Score
Percentile by Number Answered
Your Score History
You have not taken this quiz